00754nam a2200253 a 4500001001300000003000900013005001700022008004100039020001000080082001500090100001900105245008000124260003900204300000900243500003500252505001000287650002100297650001300318700001900331902000800350942000700358952011800365999001700483nice12345678IN_TiNIC20260116015107.0050524s1995 boma grp 000 0 eng  ac10000a305.4bMEN aMenon, Lakshmi aSource Book, in Search of Feminist Visions Alternative Paradigms & Practice aBombaybAkshara Publicationsc1995 a127p aincludes index and biblioraphy2 aIndex aCatacombs-Church aFeminism1 aMenon, Lakshmi bSRS cBK 001040708StackRoom-aHMIbHMId2007-03-20g100.00l0o305.4 MENp11001167r2007-03-20v100.00w2005-05-24yBK c18287d18287